000 00588nam a2200229Ia 4500
003 OSt
005 20221007075934.0
006 a|||||r|||| 00| 0
007 ta
008 221006b |||||||| |||| 00| 0 eng d
024 _a12,197
037 _cTextual
040 _aFLL
_cFLL
_beng
041 _2eng
_aeng
082 _aV2:23:N5, L1
100 _aDube Maya Au.
_9694415
245 0 _aSpeaker in India
260 _aNew Delhi
_bS.Chand & co. India
_c1971
300 _a378p
_ccm.
942 _hV2:23:N5, L1
_cTEXL
_2CC
999 _c1157888
_d1157888